[Event "HUN-chT2 Erkel 1011"]
[Site "Hungary"]
[Date "2011.03.27"]
[Round "7.3"]
[White "Bodrogi, Mihaly"]
[Black "Supolo, Jozsef"]
[Result "0-1"]
[WhiteElo "2139"]
[BlackElo "2152"]
[PlyCount "74"]
[EventDate "2010.09.12"]
[EventType "team-tourn"]
[EventRounds "11"]
[EventCountry "HUN"]
[SourceTitle "EXT 2012"]
[Source "ChessBase"]
[SourceDate "2011.11.24"]
[SourceVersion "1"]
[SourceVersionDate "2011.11.24"]
[SourceQuality "1"]
[WhiteTeam "Barcza"]
[BlackTeam "Pestszentlorinc"]
[WhiteTeamCountry "HUN"]
[BlackTeamCountry "HUN"]

1. e4 c5 2. Nf3 d6 3. Bb5+ Bd7 4. Qe2 Bxb5 5. Qxb5+ Qd7 6. Nc3 Nc6 7. 0-0 g6 8. Ne2 Bg7 9. c3 Nf6 10. Ng3 h5 11. Re1 h4 12. Nf1 h3 13. g3 Ng4 14. Qe2 0-0-0 15. d3 e5 16. N3d2 f5 17. f3 Nf6 18. Nb3 Bh6 19. Bxh6 Rxh6 20. Rac1 Kb8 21. Red1 f4 22. d4 cxd4 23. cxd4 fxg3 24. hxg3 h2+ 25. Kh1 Qh3 26. d5 Ne7 27. Rd2 Nh5 28. Qg2 Qd7 29. Rdc2 Rc8 30. Rxc8+ Nxc8 31. Qc2 Rh7 32. Qe2 g5 33. Nbd2 Qh3 34. Qf2 Nb6 35. Rc2 Rh8 36. b3 Nd7 37. Nc4 Qxf1+ 0-1

[Event "EU-ch Union SCIPT 15th"]
[Site "Porto"]
[Date "2007.09.10"]
[Round "1"]
[White "Staniszewski, Pawel"]
[Black "Supolo, Jozsef"]
[Result "0-1"]
[WhiteElo "2214"]
[BlackElo "2207"]
[PlyCount "96"]
[EventDate "2007.09.10"]
[EventType "team-swiss"]
[EventRounds "9"]
[EventCountry "POR"]
[SourceTitle "EXT 2016"]
[Source "ChessBase"]
[SourceDate "2015.10.08"]
[SourceVersion "1"]
[SourceVersionDate "2015.10.08"]
[SourceQuality "1"]

1. d4 f5 2. c4 Nf6 3. Nf3 g6 4. g3 Bg7 5. Bg2 0-0 6. 0-0 c6 7. Nbd2 d6 8. b3 Na6 9. Bb2 Qa5 10. a3 Bd7 11. b4 Qd8 12. Qb3 Nc7 13. Bc3 Kh8 14. a4 a6 15. Ne1 Qe8 16. Nd3 Qf7 17. Qc2 Be6 18. Bb2 Ne4 19. c5 Nxd2 20. Qxd2 Bd5 21. cxd6 exd6 22. e3 g5 23. Ba3 Rad8 24. Rab1 Bc4 25. Bb2 Rde8 26. Rfe1 Nd5 27. Bxd5 Qxd5 28. Rbc1 b5 29. a5 Qe4 30. Rxc4 bxc4 31. Nc1 d5 32. Qd1 f4 33. Bc3 f3 34. h3 Re6 35. Kh2 Rh6 36. Rh1 Qe6 37. Qf1 Rb8 38. Na2 Bf8 39. Kg1 Bd6 40. Rh2 Rf8 41. Bd2 Qe4 42. Nc3 Qf5 43. e4 dxe4 44. Qxc4 Rxh3 45. d5 Rxh2 46. Kxh2 Rf6 47. Qxe4 Rh6+ 48. Kg1 Rh1+ 0-1

[Event "HUN-chT2 9798"]
[Site "Hungary"]
[Date "1998.??.??"]
[Round "?"]
[White "Szakolczai, Peter"]
[Black "Supolo, Jozsef"]
[Result "0-1"]
[WhiteElo "2185"]
[BlackElo "2230"]
[PlyCount "84"]
[EventDate "1997.??.??"]
[EventType "team"]
[EventRounds "11"]
[EventCountry "HUN"]
[SourceTitle "EXT 1999"]
[Source "ChessBase"]
[SourceDate "1998.11.16"]
[SourceVersion "1"]
[SourceVersionDate "1998.11.16"]
[SourceQuality "1"]

1. e4 c5 2. Nf3 d6 3. d4 Nf6 4. Nc3 cxd4 5. Nxd4 g6 6. Be3 Bg7 7. f3 Nc6 8. Qd2 Bd7 9. Be2 Rc8 10. 0-0 Ne5 11. Rad1 0-0 12. Kh1 a6 13. f4 Neg4 14. Bg1 Rxc3 15. Qxc3 Nxe4 16. Qe1 Ngf6 17. Bf3 d5 18. c4 e6 19. Nb3 Bc6 20. Nc5 Qc7 21. cxd5 exd5 22. Bxe4 Re8 23. Qh4 dxe4 24. f5 Nh5 25. fxg6 hxg6 26. Be3 Bxb2 27. Rf2 Be5 28. Rdf1 f5 29. Rxf5 gxf5 30. Qxh5 Qh7 31. Qxh7+ Kxh7 32. Rxf5 Kg6 33. Rg5+ Kf6 34. Rh5 Bb8 35. g4 a5 36. Rh7 Ba7 37. h4 Bxc5 38. Bxc5 e3+ 39. Kg1 e2 40. Bd4+ Kg6 41. Rg7+ Kh6 42. g5+ Kh5 0-1

[Event "HUN-chT2"]
[Site "Hungary"]
[Date "1997.??.??"]
[Round "11"]
[White "Horvath, Peter"]
[Black "Supolo, Jozsef"]
[Result "0-1"]
[WhiteElo "2415"]
[BlackElo "2230"]
[PlyCount "75"]
[EventDate "1997.??.??"]
[EventType "team-swiss"]
[EventRounds "13"]
[EventCountry "HUN"]
[SourceTitle "EXT 2006"]
[Source "ChessBase"]
[SourceDate "2005.11.24"]
[SourceVersion "1"]
[SourceVersionDate "2005.11.24"]
[SourceQuality "1"]

1. e4 c5 2. d3 g6 3. Nd2 Bg7 4. Ngf3 Nc6 5. g3 e6 6. Bg2 Nge7 7. 0-0 0-0 8. Re1 d6 9. c3 Ne5 10. Nf1 N7c6 11. h4 b6 12. N3h2 Ba6 13. Re3 Rc8 14. f4 Nd7 15. h5 b5 16. a3 Qb6 17. Kh1 b4 18. axb4 cxb4 19. d4 Rc7 20. g4 Rfc8 21. hxg6 hxg6 22. f5 bxc3 23. bxc3 Bxf1 24. Nxf1 Nxd4 25. cxd4 Qxd4 26. Qxd4 Bxd4 27. Ra4 e5 28. Ba3 Nb6 29. Ra6 Nc4 30. Rf3 Bb6 31. fxg6 fxg6 32. Rf6 Kg7 33. Rf3 Rh8+ 34. Bh3 d5 35. exd5 e4 36. Rg3 Rf7 37. Kg2 e3 38. Nxe3 0-1

[Event "HUN-chT2 9596"]
[Site "Hungary"]
[Date "1996.??.??"]
[Round "10"]
[White "Supolo, Jozsef"]
[Black "Toth, Gabor"]
[Result "1-0"]
[WhiteElo "2215"]
[BlackElo "2205"]
[PlyCount "101"]
[EventDate "1995.??.??"]
[EventType "team"]
[EventRounds "11"]
[EventCountry "HUN"]
[SourceTitle "EXT 2000"]
[Source "ChessBase"]
[SourceDate "1999.11.16"]
[SourceVersion "1"]
[SourceVersionDate "1999.11.16"]
[SourceQuality "1"]

1. d4 Nf6 2. Bg5 Ne4 3. Bf4 c5 4. c3 Qb6 5. Qc2 cxd4 6. cxd4 Nc6 7. e3 d5 8. Nc3 Bf5 9. Bd3 Nb4 10. Qa4+ Kd8 11. Bb1 Nxc3 12. bxc3 Nd3+ 13. Bxd3 Bxd3 14. Qb3 Bc4 15. Qc2 Qg6 16. Qxg6 hxg6 17. Nf3 f6 18. Kd2 e6 19. g4 g5 20. Bg3 Ba3 21. h4 gxh4 22. Rxh4 Ke7 23. g5 Kf7 24. Kc2 Be2 25. Ng1 Rxh4 26. Bxh4 Bc4 27. gxf6 gxf6 28. Nf3 Rh8 29. Bg3 b5 30. Nd2 Be2 31. Kb3 Be7 32. a4 Bc4+ 33. Kc2 a6 34. Nxc4 bxc4 35. Rb1 Ra8 36. Rb7 Ke8 37. Bh4 Kf7 38. Rb6 Ra7 39. Rc6 f5 40. Bxe7 Kxe7 41. a5 Kf6 42. Kd2 f4 43. exf4 Kf5 44. Ke3 Ra8 45. Rb6 Kf6 46. Kd2 Kf5 47. Kc2 Kf6 48. Kb2 Ra7 49. Ka3 Ke7 50. Kb4 Kd7 51. f5 1-0

[Event "HUN-chT2 9596"]
[Site "Hungary"]
[Date "1995.??.??"]
[Round "6"]
[White "Domotor, Jozsef"]
[Black "Supolo, Jozsef"]
[Result "1/2-1/2"]
[WhiteElo "2120"]
[BlackElo "2215"]
[PlyCount "25"]
[EventDate "1995.??.??"]
[EventType "team"]
[EventRounds "11"]
[EventCountry "HUN"]
[SourceTitle "EXT 2000"]
[Source "ChessBase"]
[SourceDate "1999.11.16"]
[SourceVersion "1"]
[SourceVersionDate "1999.11.16"]
[SourceQuality "1"]

1. d4 f5 2. Nc3 Nf6 3. Bg5 g6 4. h4 h6 5. Bf4 d6 6. Nf3 Bg7 7. Qd2 c6 8. e3 Be6 9. Bd3 Qa5 10. e4 Nbd7 11. a3 fxe4 12. Nxe4 Qxd2+ 13. Kxd2 1/2-1/2

[Event "HUN-chT2 9394"]
[Site "Hungary"]
[Date "1994.??.??"]
[Round "?"]
[White "Nogrady, Vilmos"]
[Black "Supolo, Jozsef"]
[Result "1-0"]
[WhiteElo "2280"]
[BlackElo "2230"]
[PlyCount "51"]
[EventDate "1993.??.??"]
[EventType "team"]
[EventRounds "13"]
[EventCountry "HUN"]
[SourceTitle "TD"]
[Source "ChessBase"]
[SourceDate "1994.03.01"]
[SourceVersion "1"]
[SourceVersionDate "1994.03.01"]
[SourceQuality "1"]

1. e4 c5 2. Nc3 Nc6 3. f4 g6 4. Nf3 Bg7 5. Bc4 d6 6. 0-0 e6 7. f5 Nd4 8. d3 gxf5 9. Kh1 Ne7 10. Bg5 h6 11. Bh4 f4 12. Nxd4 cxd4 13. Ne2 e5 14. g3 Bh3 15. gxf4 Qd7 16. f5 d5 17. Rg1 dxc4 18. Rxg7 h5 19. Ng1 Bg4 20. Qd2 Qc6 21. Qg2 Qh6 22. f6 Ng6 23. Qg3 Nxh4 24. Qxh4 Qf4 25. Qg5 Kf8 26. Rxf7+ 1-0

[Event "HUN-chT2 9394"]
[Site "Hungary"]
[Date "1994.??.??"]
[Round "?"]
[White "Pergel, Laszlo"]
[Black "Supolo, Jozsef"]
[Result "0-1"]
[WhiteElo "2030"]
[BlackElo "2230"]
[PlyCount "112"]
[EventDate "1993.??.??"]
[EventType "team"]
[EventRounds "13"]
[EventCountry "HUN"]
[SourceTitle "TD"]
[Source "ChessBase"]
[SourceDate "1994.03.01"]
[SourceVersion "1"]
[SourceVersionDate "1994.03.01"]
[SourceQuality "1"]

1. e4 c5 2. Nf3 d6 3. d4 Nf6 4. Nc3 cxd4 5. Nxd4 g6 6. Be2 Bg7 7. 0-0 0-0 8. Re1 Nc6 9. Nb3 Be6 10. Bf1 Rc8 11. Nd5 a5 12. c4 Ne5 13. Bd2 Nxc4 14. Bxc4 Rxc4 15. Bxa5 Qe8 16. Qd3 Ra4 17. f3 Nxd5 18. exd5 Bf5 19. Qd2 Qd7 20. Bc3 e5 21. dxe6 Bxe6 22. Bxg7 Kxg7 23. Nd4 Rfa8 24. a3 b5 25. Rad1 d5 26. Qc3 Kg8 27. Qc5 Rc4 28. Qxb5 Qa7 29. h3 Rb8 30. Qxb8+ Qxb8 31. b3 Rc8 32. a4 Qg3 33. Kf1 Rb8 34. a5 Bc8 35. Rb1 Ba6+ 36. Kg1 Qd6 37. Rec1 Kg7 38. Rc6 Qb4 39. Rd1 Qxa5 40. Kh1 Re8 41. Rcc1 Qb4 42. Ra1 Be2 43. Nxe2 Rxe2 44. Rxd5 Qxb3 45. Rdd1 Qb2 46. Rab1 Qe5 47. Rg1 Qg3 48. Ra1 h5 49. Rac1 Rf2 50. Ra1 Rxf3 51. Rgf1 Rxf1+ 52. Rxf1 g5 53. Kg1 g4 54. hxg4 hxg4 55. Kh1 Qh4+ 56. Kg1 g3 0-1

[Event "HUN-chT2 9293"]
[Site "Hungary"]
[Date "1993.??.??"]
[Round "?"]
[White "Supolo, Jozsef"]
[Black "Bali, Janos"]
[Result "0-1"]
[WhiteElo "2250"]
[BlackElo "2215"]
[PlyCount "112"]
[EventDate "1992.??.??"]
[EventType "team"]
[EventRounds "12"]
[EventCountry "HUN"]
[SourceTitle "TD"]
[Source "ChessBase"]
[SourceDate "1994.03.01"]
[SourceVersion "1"]
[SourceVersionDate "1994.03.01"]
[SourceQuality "1"]

1. d4 Nf6 2. Bg5 g6 3. c3 Bg7 4. Nd2 d5 5. Ngf3 0-0 6. Bxf6 exf6 7. h4 h5 8. e3 b6 9. Bd3 Ba6 10. Bxa6 Nxa6 11. Qa4 Qc8 12. 0-0 c5 13. Rac1 Qb7 14. b4 c4 15. e4 Nc7 16. exd5 b5 17. Qc2 Nxd5 18. Ne4 a5 19. bxa5 Rxa5 20. Rb1 Rfa8 21. Rb2 Qc6 22. Rfb1 Bf8 23. Qd2 Kh7 24. Ng3 Bh6 25. Qc2 Nf4 26. a4 bxa4 27. Rb6 Qd5 28. Ne4 Kg7 29. Rd6 Qf5 30. Rxf6 Qg4 31. Ne1 Nd5 32. Rf3 Re8 33. Nd6 Re7 34. Nxc4 Ra6 35. Ne5 Qxh4 36. c4 Nf6 37. Rd3 Ng4 38. N1f3 Qf6 39. Ra1 Bf4 40. Rxa4 Rxa4 41. Qxa4 Bxe5 42. dxe5 Rxe5 43. Qd1 Ra5 44. Qe2 Qa6 45. Qb2+ Kh7 46. g3 Qa8 47. Qd4 Rf5 48. Qc3 Qa2 49. Qd4 Qb1+ 50. Kg2 Qb7 51. Qd7 Qxd7 52. Rxd7 Rxf3 53. Kxf3 Ne5+ 54. Ke4 Nxd7 55. Kd5 g5 56. Kd6 Nb8 0-1